| 000 | 00632nam a2200193Ia 4500 | ||
|---|---|---|---|
| 003 | IN-BaIIA | ||
| 008 | 211028s9999 xx 000 0 eng d | ||
| 020 | _a0-387-97549-7 | ||
| 040 | _cIIA Library | ||
| 080 |
_a083.8:524.744 _bDEV -1 |
||
| 245 | 0 |
_aThird reference catalogue of bright galaxies _bvol.1 _cedited by G. DeVaucouleurs |
|
| 260 |
_aNewyork _bSpringer-Verlag _c1991 |
||
| 300 | _aviii, 632p. | ||
| 650 |
_abright galaxies _910756 |
||
| 650 |
_aBright galaxies-catalogue _95958 |
||
| 650 |
_acatalogue-bright galaxies _910951 |
||
| 700 |
_aDeVaucouleurs, G., ed. _923122 |
||
| 942 | _cBK | ||
| 999 |
_c13122 _d13122 |
||